Coronation Street characters - Statistics

General Stats
  • This quiz has been taken 39 times
  • The average score is 9 of 14
Answer Stats
Anagram Answer Actor % Correct
Nyt belch Bet Lynch Julie Goodyear
97%
Internals ee Elsie Tanner Pat Phoenix
91%
Tuk w hardcover Vera Duckworth Liz Dawn
88%
Near nike law Annie Walker Doris Speed
79%
Unpretty bit Betty Turpin Betty Driver
79%
Degree f Fred Gee Fred Feast
74%
Pleasers nah Ena Sharples Violet Carson
68%
Ny Liberalist Brian Tilsley Chris Quinten
62%
My Israeli v Mavis Riley Thelma Barlow
62%
Pcs ungreedy Percy Sugden Bill Waddington
59%
R sort fable Alf Roberts Bryan Mosley
56%
Loni Chargeful Len Fairclough Peter Adamson
47%
Ni biosphere Ernie Bishop Stephen Hancock
41%
Gaucholid Ida Clough Helena Palmer
6%
No matching quizzes found
Score Distribution
Percent of People with Each Score
Percentile by Number Answered
Your Score History
You have not taken this quiz